Практические задачи НОТ в промышленности и торговле. Вопросы стандартизации: [сборник статей]

Бібліографічні деталі
Співавтор: РСФСР Народный комиссариат рабоче-крестьянской инспекции (НКРКИ)
Мова:Російська
Опубліковано: Москва, 1924
Предмети:
Формат: Книга
KOHA link:https://koha.lib.tpu.ru/cgi-bin/koha/opac-detail.pl?biblionumber=314096

MARC

LEADER 00000nam0a2200000 4500
001 314096
005 20231102002637.0
010 |b 5000 экз. 
035 |a (RuTPU)RU\TPU\book\339507 
090 |a 314096 
100 |a 20160208d1924 m y0rusy50 ca 
101 0 |a rus 
102 |a RU 
105 |a y z 001zy 
200 1 |a Практические задачи НОТ в промышленности и торговле. Вопросы стандартизации  |e [сборник статей]  |f Народный Комиссариат Рабоче-Крестьянской Инспекции 
210 |a Москва  |d 1924 
215 |a 33 с. 
316 |5 63413507: М-132818  |a На обложке и титульном листе владельческая подпись: "Бутаков", на обложке имеется штамп книжного магазина Томского отделения Сибкрайиздата 
317 |5 63413507: М-132818  |a Поступила в НТБ в 1970 г. в составе книжного собрания профессора ТПИ И. Н. Бутакова 
320 |a Библиогр.: с. 33 
606 1 |a НОТ (научная организация труда)  |2 stltpush  |3 (RuTPU)RU\TPU\subj\36531  |9 57875 
610 1 |a промышленность 
610 1 |a торговля 
610 1 |a стандартизация 
610 1 |a международная стандартизация 
610 1 |a СССР 
610 1 |a владельческая надпись 
610 1 |a библиотека И. Н. Бутакова 
675 |a 658.310.3  |v 4 
712 0 1 |a РСФСР  |b Народный комиссариат рабоче-крестьянской инспекции (НКРКИ)  |c (1920-1934)  |2 stltpush  |3 (RuTPU)RU\TPU\col\21432 
801 1 |a RU  |b 63413507  |c 20160208 
801 2 |a RU  |b 63413507  |c 20190806  |g RCR 
942 |c BK